Avez vous vu le film Le Règne Animal ? - Statistiques

Statistiques générales
  • Ce quiz a été pris 85 fois
    83 depuis la dernière actualisation
  • Le résultat moyen est 7 sur 10
Statistiques - réponses
Question Réponse % Correct
Quel mutant Emile essaye-t-il d'aider dans la forêt ? Un oiseau
88%
Quelle actrice interprète Julia, la gendarme ? Adèle Exarchopoulos
81%
Quel acteur interprète François, le père d'Emile ? Romain Duris
81%
Lors de quelle fête de village Emile se fait-il démasquer ? A la Saint-Jean
69%
Qui a réalisé ce film ? Thomas Cailley
69%
Après quel évènement Lana a-t-elle disparu ? Un accident de car
69%
Quelle chanson mettent Emile et François dans la voiture, espérant que Lana l'entende ? "Elle est d'ailleurs" de Pierre Bachelet
63%
En quel animal se transforme Emile ? En loup
63%
Quel est le métier de François ? Serveur
63%
Dans quelle région de France, Lana, la mère d'Emile a-t-elle été transférée ? En Nouvelle-Aquitaine
50%
Aucun quiz correspondant
Distribution des résultats
% des personnes avec chaque résultat
Percentile par nombre de réponses
Votre historique - résultats
Vous n’avez pas pris ce quiz depuis la dernière actualisation